000 01146cad a22002415a 4500
001 L152195
008 110209s2011 xxkdo f 000 0 eng d
035 _a(Sirsi) u152195
041 0 _aeng
050 0 4 _a333.33 $2 18
110 2 _aSavills Research
_95211
245 0 0 _aPrime regional residential markets
_bnew year 2011
_h[electronic resource]
260 _aLondon
_bSavills
_c2011
490 0 _aSavills Market in Minutes
_vNew Year 2011
520 _aPrime United Kingdom regional residential markets for the second quarter 2010 based on the Savills Prime Regional Index. All prime regional property recorded a value rise of 1.0% during 2010. Regions with closer ties to London, and within commutable distance have outperformed the prime northern regions.
521 _aAdvanced
590 _aKA
650 2 4 _aSAVILLS MARKET IN MINUTES
651 4 _aUnited Kingdom
_y
690 _aResidential property
_96266
856 4 0 _uhttps://links.cecollect.com/911/1201/Market%20in%20Minutes%20-%20Prime%20Regional%20Markets%20-%20New%20Year%202011.pdf
_zView the report free of charge (after registration) at www.savills.co.uk
942 _n0
999 _c111916
_d111916